000
00259nam a2200109Ia 4500
008
190216s9999||||xx |||||||||||||| ||und||
100
_a
Null
245
0
_a
Kavithayum Viplavakavithyum
260
_b
Deshabimani Stury Circle
650
_a
Malayalam
942
_c
BK
999
_c
25640
_d
25640